000 00701nam a2200265Ia 4500
003 OSt
005 20220925230513.0
006 a|||||r|||| 00| 0
007 ta
008 220923b |||||||| |||| 00| 0 eng d
020 _a0 297 78237 1
037 _cGeneral Book
040 _aRTL
_cRTL
_beng
041 _2eng
_aeng
082 _aY35.1.N6, K6;M4
100 _aHall Peter
_951520
245 0 _aWorld cities
250 _a3
260 _aLondon
_bWeidenfeld and Nicolson
_c1984
300 _axi,276p
_ccm.
500 _aBibliography: p 254-66
650 _aCity Sociology
_9235611
942 _hY35.1.N6, K6;M4
_cGB
_2CC
999 _c585759
_d585759